Các phương pháp phân tích vật lý và hóa lý T.1 T.1

Sparad:
Bibliografiska uppgifter
Huvudupphovsman: Nguyễn Đình Triệu, GS.TSKH
Materialtyp: Bok
Publicerad: Nxb Hà Nội 2001
Taggar: Lägg till en tagg
Inga taggar, Lägg till första taggen!
Thư viện lưu trữ: Mạng thư viện Đại học Đà Nẵng
LEADER 00599nam a2200229 a 4500
001 000030272
003 9828
005 20171030145630.0
008 171030s2001
020 |c 75000 
040 |a LTT 
082 0 |a 535  |b NG-T 
100 1 |a Nguyễn Đình Triệu, GS.TSKH 
245 0 0 |a Các phương pháp phân tích vật lý và hóa lý T.1  |c Nguyễn Đình Triệu.  |n T.1 
260 |b Nxb Hà Nội  |c 2001 
OWN |a LTT 
999 |a From the UDN01 
TYP |a Monograph 
TYP |a Printed language 
980 |a Mạng thư viện Đại học Đà Nẵng